000 00483nam a2200217Ia 4500
003 0100
008 130307s9999 xx 000 0 und d
020 _a1840460660
040 _cARRUPELIB
050 _aB2430.S34 T46 1998
100 _aThody ,Philip
245 _aIntroducing Sartre
260 _aDuxford
260 _bIcon Books
260 _c1998
300 _a175p.
300 _b21cm.
650 _bExistentialist tradition
700 _aRead , Howard
942 0 0 _01
999 _c94907
_d94907